Die 50 Wertvollsten Fussball Spieler - Statistiken

Allgemein
  • Dieses Quiz wurde 885 mal gespielt
  • Das Durchschnittsergebnis liegt bei 16 aus 50
Antwortstatistiken
Hint Antwort % Korrekt
2. Erling Haaland
92%
3. Jude Bellingham
76%
5. Jamal Musiala
71%
4. Vinicius Junior
68%
1. Kylian Mbappé
66%
48. Neymar
61%
8. Pedri
61%
11. Gavi
58%
13. Harry Kane
58%
27. Kevin De Bruyne
54%
7. Phil Foden
54%
15. Florian Wirtz
51%
47. Mohamed Salah
48%
17. Rodrygo
47%
45. Leroy Sané
44%
20. Rodri
43%
6. Bukayo Saka
40%
10. Federico Valverde
33%
44. Jack Grealish
32%
18. Lautaro Martínez
32%
32. Matthijs de Ligt
32%
40. Alphonso Davies
29%
12. Aurélien Tchouaméni
29%
14. Enzo Fernández
27%
24. Marcus Rashford
27%
9. Victor Osimhen
27%
19. Declan Rice
26%
21. Rafael Leão
24%
22. Christopher Nkunku
23%
41 Éder Militão
23%
37. Darwin Núñez
22%
29. Josko Gvardiol
22%
31. Dusan Vlahovic
20%
33. Rúben Dias
20%
42. Achraf Hakimi
19%
28. Luis Díaz
19%
38. Ronald Araújo
19%
50. Randal Kolo Muani
18%
25. Bernardo Silva
15%
16. Khvicha Kvaratskhelia
15%
30. Gabriel Jesus
14%
23. Martin Ødegaard
14%
34. Bruno Fernandes
13%
26. Joshua Kimmich
13%
46. Marquinhos
11%
49. Nuno Mendes
10%
36. Antony
8%
35. Gabriel Martinelli
5%
43. Nicolò Barella
3%
39. Reece James
3%
Keine übereinstimmenden Quizze gefunden
Verteilung der Resultate
Anzahl Personen mit jedem Resultat
Perzentil nach korrekt beantworteten Fragen
Ihre Resultats-Entwicklung
Sie haben dieses Quiz noch nicht gespielt